<?xml version="1.0" encoding="UTF-8"?><?xml-stylesheet type="text/xsl" href="static/style.xsl"?><OAI-PMH xmlns="http://www.openarchives.org/OAI/2.0/" xmlns:xsi="http://www.w3.org/2001/XMLSchema-instance" xsi:schemaLocation="http://www.openarchives.org/OAI/2.0/ http://www.openarchives.org/OAI/2.0/OAI-PMH.xsd"><responseDate>2026-04-13T06:15:54Z</responseDate><request verb="GetRecord" identifier="oai:www.recercat.cat:2445/224255" metadataPrefix="marc">https://recercat.cat/oai/request</request><GetRecord><record><header><identifier>oai:recercat.cat:2445/224255</identifier><datestamp>2025-12-04T23:55:04Z</datestamp><setSpec>com_2072_1057</setSpec><setSpec>col_2072_478917</setSpec><setSpec>col_2072_478921</setSpec></header><metadata><record xmlns="http://www.loc.gov/MARC21/slim" xmlns:dcterms="http://purl.org/dc/terms/" xmlns:xsi="http://www.w3.org/2001/XMLSchema-instance" xmlns:doc="http://www.lyncode.com/xoai" xsi:schemaLocation="http://www.loc.gov/MARC21/slim http://www.loc.gov/standards/marcxml/schema/MARC21slim.xsd">
   <leader>00925njm 22002777a 4500</leader>
   <datafield ind2=" " ind1=" " tag="042">
      <subfield code="a">dc</subfield>
   </datafield>
   <datafield ind2=" " ind1=" " tag="720">
      <subfield code="a">Ruberti, Andrea</subfield>
      <subfield code="e">author</subfield>
   </datafield>
   <datafield ind2=" " ind1=" " tag="720">
      <subfield code="a">Rinaldi, Riccardo</subfield>
      <subfield code="e">author</subfield>
   </datafield>
   <datafield ind2=" " ind1=" " tag="720">
      <subfield code="a">Occhipinti, Giovanni</subfield>
      <subfield code="e">author</subfield>
   </datafield>
   <datafield ind2=" " ind1=" " tag="720">
      <subfield code="a">Ramus, Liliane</subfield>
      <subfield code="e">author</subfield>
   </datafield>
   <datafield ind2=" " ind1=" " tag="720">
      <subfield code="a">Guagliumi, Giulio</subfield>
      <subfield code="e">author</subfield>
   </datafield>
   <datafield ind2=" " ind1=" " tag="720">
      <subfield code="a">Sabaté Tenas, Manuel</subfield>
      <subfield code="e">author</subfield>
   </datafield>
   <datafield ind2=" " ind1=" " tag="720">
      <subfield code="a">Brugaletta, Salvatore</subfield>
      <subfield code="e">author</subfield>
   </datafield>
   <datafield ind2=" " ind1=" " tag="260">
      <subfield code="c">2025-11-10T18:48:32Z</subfield>
   </datafield>
   <datafield ind2=" " ind1=" " tag="260">
      <subfield code="c">2025-11-10T18:48:32Z</subfield>
   </datafield>
   <datafield ind2=" " ind1=" " tag="260">
      <subfield code="c">2024-10-28</subfield>
   </datafield>
   <datafield ind2=" " ind1=" " tag="260">
      <subfield code="c">2025-11-10T18:48:32Z</subfield>
   </datafield>
   <datafield ind2=" " ind1=" " tag="520">
      <subfield code="a">3DStent is a novel rotational angiography imaging capable of 3D reconstruction and measuring stent area and diameter, without need for intravascular imaging. To compare 3DStent and OCT-derived stent area and diameter after PCI. Patients with de novo coronary lesions who underwent treatment with a single DES and evaluated by OCT and 3DStent were included. Stent area and diameter were measured by 3DStent, at abluminal, mid and endoluminal side and by OCT. From September 2023 to February 2024 six coronary lesions were analyzed. Post-PCI stent area measured by OCT was (mean +/- standard deviation) 7.03 +/- 2.85 mm(2) and by 3DStent 9.41 +/- 2.79 mm(2), 7.21 +/- 2.23 mm(2) and 5.63 +/- 1.83 mm(2) at abluminal, mid and endoluminal side, respectively. Stent diameter by OCT was 2.93 +/- 0.58 mm, and by 3DStent 3.27 +/- 0.50 mm, 2.86 +/- 0.49 mm and 2.52 +/- 0.45 mm at abluminal, mid and endoluminal side, respectively. Significant correlation was observed between OCT and 3DStent in relation to stent area (Exp(B) 3.35, mean of difference 0.19 +/- 1.01 mm(2), 95%CI -1.80-2.17 mm(2), p &lt; 0.001) and diameter (Exp(B) 3.18, mean difference - 0.07 +/- 0.18 mm, 95%CI -0.43-0.30 mm, p &lt; 0.001), particularly when 3DStent measurements performed at the mid side. Very high reproducibility was demonstrated by intra- and inter-observer analysis (r = 0.92 and r = 0.93 respectively). 3DStent appears to be an easy and reproducible tool to assess post-PCI stent area and diameter as compared to OCT.</subfield>
   </datafield>
   <datafield tag="653" ind2=" " ind1=" ">
      <subfield code="a">Diagnòstic per la imatge</subfield>
   </datafield>
   <datafield tag="653" ind2=" " ind1=" ">
      <subfield code="a">Cardiologia</subfield>
   </datafield>
   <datafield tag="653" ind2=" " ind1=" ">
      <subfield code="a">Visualització tridimensional</subfield>
   </datafield>
   <datafield tag="653" ind2=" " ind1=" ">
      <subfield code="a">Diagnostic imaging</subfield>
   </datafield>
   <datafield tag="653" ind2=" " ind1=" ">
      <subfield code="a">Cardiology</subfield>
   </datafield>
   <datafield tag="653" ind2=" " ind1=" ">
      <subfield code="a">Three-dimensional display systems</subfield>
   </datafield>
   <datafield ind2="0" ind1="0" tag="245">
      <subfield code="a">Agreement and reproducibility between 3DStent vs. Optical Coherence Tomography for evaluation of stent area and diameter</subfield>
   </datafield>
</record></metadata></record></GetRecord></OAI-PMH>